00918cam a22002654a 450000100090000000300050000900500170001400800410003101000170007202000280008904000180011704200080013505000220014308200190016524500740018425000120025826000440027030000360031450000080035050400510035865000300040970000440043985600910048385600780057412801697NUST20170612120506.0020604s2003 fluab b 001 0 eng  a 2002075228 a1566705460 (alk. paper) aDLCcDLCdDLC apcc00aRA1226b.H36 200300a571.95 HOF22100aHandbook of ecotoxicology /cEdited by David J. Hoffman ... [et al.]. a2nd ed. aBoca Raton :bLewis Publishers,cc2003. a1290 p. :bill., maps ;c26 cm. aH.B aIncludes bibliographical references and index. 0aEnvironmental toxicology.1 aHoffman, David J.q(David John),d1944-423Publisher descriptionuhttp://www.loc.gov/catdir/enhancements/fy0646/2002075228-d.html423Book review (E-STREAMS)uhttp://www.e-streams.com/es0609/es0609_2757.html